Nguyễn Thái Học
Gardado en:
| Autor Principal: | |
|---|---|
| Formato: | Libro |
| Idioma: | Undetermined |
| Publicado: |
Sài Gòn
Tân Việt
1956
|
| Những chủ đề: | |
| Các nhãn: |
Engadir etiqueta
Sen Etiquetas, Sexa o primeiro en etiquetar este rexistro!
|
| Thư viện lưu trữ: | Trung tâm Học liệu Trường Đại học Cần Thơ |
|---|
| LEADER | 00516nam a2200181Ia 4500 | ||
|---|---|---|---|
| 001 | CTU_11096 | ||
| 008 | 210402s9999 xx 000 0 und d | ||
| 082 | |a 809.0959 | ||
| 082 | |b Nh561 | ||
| 100 | |a Nhượng Tống | ||
| 245 | 0 | |a Nguyễn Thái Học | |
| 245 | 0 | |c Nhượng Tống | |
| 260 | |a Sài Gòn | ||
| 260 | |b Tân Việt | ||
| 260 | |c 1956 | ||
| 650 | |a vietnamese literature | ||
| 904 | |i Nguyễn Quang Điền, 961015 | ||
| 980 | |a Trung tâm Học liệu Trường Đại học Cần Thơ | ||